000 01862cam a2200589 a 4500
001 22173
003 VRT
005 20260321113904.0
008 240313s2014 xo g 000 f slo
015 _aSNBA2015/02
020 _a9788055140896
_q(viaz.)
035 _a8BC8AAAF-06E2-4DFD-9898-2AF043775CB7
035 _aurn:nbn:sk:snk-amjpgf
035 _aurn:nbn:sk:snk-am002h7q
039 9 _a202403131721
_bVLOAD
_c202208151216
_dAUTHORITY
_c202208151200
_dAUTHORITY
_c201911101908
_dAUTHORITY
040 _aPOKPOH
_bslo
_cPOKPOH
_dSNK
_eAACR2
041 1 _aslo
_heng
044 _axo
_cSK
072 7 _a821.111(73)-3
_xAmerická próza
_2konspekt
080 _a821.111(73)-31
_22001
080 _a(0:82-312.5)
_22001
100 1 _aSteel, Danielle,
_d1947-
_4aut
240 1 0 _aWinners
_lSlovensky
245 1 0 _aVíťazi
_cDanielle Steel ; [z anglického originálu preložila Zuzana Gašparovičová]
250 _a1. vyd.
260 _aBratislava
_bIkar
_c2014
300 _a341 s.
_c21 cm
655 7 _aamerické romány
_2SNKPH
655 7 _aAmerican fiction
_2SNKPHeng
655 7 _aľúbostné romány
_2SNKPH
655 7 _aLove noveles
_2SNKPHeng
700 1 _aGašparovičová, Zuzana
_4trl
910 _apokpoh
910 _abjkdg
910 _apppk
910 _attkjf
910 _atotk
910 _ahevk
910 _asvkbb
910 _avthk
910 _asnk
910 _asllk
910 _askpk
910 _abpksh
942 _2ddc
_cKLDO
_n0
949 _6270001000479337
_asvkbbA 143503
_bsvkbbm 750343
949 _617A1135780
_asnkSC 162648
_bsnk2015/1978
_o194/14
_s6100:20140925
949 _63869A10642
_abpksh821.111(73)-31
_bbpksh66472
949 _62889300957
_asavukPV 20365
_bsavuk2015/628
949 _617A1157588
_asnkSC 162648 D1
_bsnk2015/14464
_o194/15
949 _6273K0600037
_asvkpoA 229919
_bsvkpo598820
999 _c22173
_d22173